Agrometeorology : (Record no. 82381)
[ view plain ]
| 000 -LEADER | |
|---|---|
| fixed length control field | 00525nam a2200193 a 4500 |
| 001 - CONTROL NUMBER | |
| control field | 82381 |
| 003 - CONTROL NUMBER IDENTIFIER | |
| rucl marc code | BD-RjUL |
| 005 - DATE AND TIME OF LATEST TRANSACTION | |
| control field | 20231130122054.0 |
| 008 - FIXED-LENGTH DATA ELEMENTS--GENERAL INFORMATION | |
| fixed length control field | 231130s2021 ii ||||| |||| 00| 0 eng d |
| 035 ## - SYSTEM CONTROL NUMBER | |
| System control number | (BD-RjUL)82381 |
| 040 ## - CATALOGING SOURCE | |
| Original cataloging agency | BD-RjUL |
| Language of cataloging | eng |
| Transcribing agency | BD-RjUL |
| 041 ## - LANGUAGE CODE | |
| Language code of text/sound track or separate title | eng |
| 082 ## - DEWEY DECIMAL CLASSIFICATION NUMBER | |
| Edition number | 23 |
| Classification number | 630.2515 |
| Author mark and year | KAA 2021 |
| 100 ## - MAIN ENTRY--PERSONAL NAME | |
| Personal name | Kathiresan, G. |
| 9 (RLIN) | 10266 |
| 245 ## - TITLE STATEMENT | |
| Title | Agrometeorology : |
| Remainder of title | A Simplified Textbook / |
| Statement of responsibility, etc. | G. Kathiresan |
| 300 ## - PHYSICAL DESCRIPTION | |
| Pagination | ix,182 p.; |
| Size | 23 cm. |
| 650 ## - SUBJECT ADDED ENTRY--TOPICAL TERM | |
| Topical term or geographic name as entry element | Meteorology, Agricultural |
| 9 (RLIN) | 9789 |
| 942 ## - ADDED ENTRY ELEMENTS (KOHA) | |
| Source of classification or shelving scheme | Dewey Decimal Classification |
| Koha item type | Books |
| Lost status | Source of classification or shelving scheme | Damaged status | Not for loan | Collection code | Permanent Location | Current Location | Shelving location | Date acquired | Source of acquisition | Cost, normal purchase price | Total Checkouts | Full call number | Date last seen | Copy number | Koha item type |
|---|---|---|---|---|---|---|---|---|---|---|---|---|---|---|---|
| Dewey Decimal Classification | Not For Loan | Non-fiction | Central Library, University of Rajshahi | Central Library, University of Rajshahi | Reading Room | 09/10/2023 | Dhaka : Ahsania Mission Book | 580.00 | 630.2515 KAA 2021 | 30/11/2023 | C-1 | Books | |||
| Dewey Decimal Classification | Non-fiction | Central Library, University of Rajshahi | Central Library, University of Rajshahi | General Stacks | 09/10/2023 | Dhaka : Ahsania Mission Book | 580.00 | 630.2515 KAA 2021 | 30/11/2023 | C-2 | Books | ||||
| Dewey Decimal Classification | Non-fiction | Central Library, University of Rajshahi | Central Library, University of Rajshahi | General Stacks | 09/10/2023 | Dhaka : Ahsania Mission Book | 580.00 | 630.2515 KAA 2021 | 30/11/2023 | C-3 | Books |